Statistics for U.S. State Symbols

Click here to take the quiz!

General Stats

  • This quiz has been taken 11,450 times
  • The average score is 10 of 20

Answer Stats

Symbol Type State % Correct
HulaDanceHawaii
99%
BluegrassMusical GenreKentucky
79%
Dog MushingSportAlaska
73%
BuckeyeTreeOhio
68%
Chili Con CarneDishTexas
63%
Orange BlossomFlowerFlorida
61%
PeanutCropGeorgia
60%
BadgerAnimalWisconsin
57%
Blue CrabCrustaceanMaryland
54%
Brown PelicanBirdLouisiana
48%
Walla Walla Sweet OnionVegetableWashington
48%
Keystone StateNicknamePennsylvania
47%
_______ is for LoversSloganVirginia
43%
SunflowerFlowerKansas
34%
BeehiveEmblemUtah
32%
Cranberry JuiceBeverageMassachusetts
25%
Saber-Toothed CatFossilCalifornia
21%
ExcelsiorMottoNew York
20%
Brewer's YeastMicrobeOregon
15%
Petoskey StoneStoneMichigan
13%

Score Distribution

Percentile by Number Answered

Percent of People with Each Score

Your Score History

You have not taken this quiz